| 000 | 00731nam a2200205 a 4500 | ||
|---|---|---|---|
| 003 | 0 | ||
| 005 | 20250421085321.0 | ||
| 008 | 970114s19uu xx 00 eng d | ||
| 050 |
_aPGS HQ 759.92 _b.Y54 2003 |
||
| 100 | _aYokoyama, Aimee A. | ||
| 245 |
_aHigh school students living in step families / _cAimee A. Yokoyama. |
||
| 260 |
_aLas PiƱas City, Philippines : _bSouthville International School and Colleges, _c2003. |
||
| 300 |
_a26 pages : _billustrations ; _c28 cm. |
||
| 504 | _aIncludes bibliographic references. | ||
| 650 | _aStepfamilies. | ||
| 650 |
_aHigh school students _vSocial conditions. |
||
| 650 |
_aTeenagers _vAttitudes. |
||
| 650 |
_aParent and teenager _vFamily relationships. |
||
| 942 |
_2lcc _cPASS |
||
| 999 |
_c96936 _d96936 |
||